The validity of occupational aptitude tests (Record no. 2373)
[ view plain ]
| 000 -LEADER | |
|---|---|
| fixed length control field | 00476cam a22001571 4500 |
| 005 - DATE AND TIME OF LATEST TRANSACTION | |
| control field | 20250901165333.0 |
| 008 - FIXED-LENGTH DATA ELEMENTS--GENERAL INFORMATION | |
| fixed length control field | 730418s1966 nyua 000 0 eng |
| 010 ## - LIBRARY OF CONGRESS CONTROL NUMBER | |
| LC control number | 66021054 |
| 050 00 - LIBRARY OF CONGRESS CALL NUMBER | |
| Classification number | HF5549.5.E5 G4 |
| Item number | G4 |
| 082 ## - DEWEY DECIMAL CLASSIFICATION NUMBER | |
| Classification number | 658.31 |
| 100 1# - MAIN ENTRY--PERSONAL NAME | |
| Personal name | Ghiselli, Edwin E. |
| Fuller form of name | (Edwin Ernest), |
| Dates associated with a name | 1907-1980. |
| 245 14 - TITLE STATEMENT | |
| Title | The validity of occupational aptitude tests |
| Statement of responsibility, etc. | [by] Edwin E. Ghiselli. |
| 260 ## - PUBLICATION, DISTRIBUTION, ETC. | |
| Place of publication, distribution, etc. | New York, |
| Name of publisher, distributor, etc. | Wiley |
| Date of publication, distribution, etc. | [1966] |
| 300 ## - PHYSICAL DESCRIPTION | |
| Extent | vii, 155 p. |
| Other physical details | illus. |
| Dimensions | 22 cm. |
| 942 ## - ADDED ENTRY ELEMENTS (KOHA) | |
| Source of classification or shelving scheme | Dewey Decimal Classification |
| Withdrawn status | Lost status | Source of classification or shelving scheme | Damaged status | Not for loan | Home library | Current library | Shelving location | Date acquired | Total checkouts | Full call number | Barcode | Date last seen | Price effective from | Koha item type |
|---|---|---|---|---|---|---|---|---|---|---|---|---|---|---|
| Library of Congress Classification | Main Library | Main Library | 03/12/2021 | HF5549.5.E5 G4 | PIU0010734 | 03/12/2021 | 03/12/2021 | Books |